| 000 | 00630cam a2200193 i 4500 | ||
|---|---|---|---|
| 005 | 20251127103502.0 | ||
| 008 | 250721s1998 sy gr 000 0 ara d | ||
| 082 | 1 | 4 |
_a211.952 _bس ي و |
| 100 | 1 |
_aسيوف، فواز نصرو _eمؤلف. |
|
| 245 | 1 | 0 |
_aآيات في علوم الفضاء / _cالدكتور فواز نصرو سيوف. |
| 264 | 3 | 1 |
_aدمشق : _bدار الزهراء، _c1998. |
| 300 | _a157صفحه. | ||
| 490 | 0 | _aتفكر في خلق الله . | |
| 650 | 1 | 7 | _aالفضاء |
| 650 | 1 | 7 | _aإعجاز القرآن |
| 830 | 0 | _aتفكر في خلق الله . | |
| 942 |
_2ddc _cBK |
||
| 999 |
_c16457 _d16457 |
||